|
|
|
|
| LEADER |
02074nam a2200445 i 4500 |
| 001 |
EBC4519263 |
| 003 |
MiAaPQ |
| 005 |
20200520144314.0 |
| 006 |
m o d | |
| 007 |
cr cnu|||||||| |
| 008 |
160519t20162016mdu o 000 0 eng d |
| 020 |
|
|
|z 9780761866978
|
| 020 |
|
|
|a 9780761867449 (e-book)
|
| 035 |
|
|
|a (MiAaPQ)EBC4519263
|
| 035 |
|
|
|a (Au-PeEL)EBL4519263
|
| 035 |
|
|
|a (CaPaEBR)ebr11206541
|
| 035 |
|
|
|a (CaONFJC)MIL917058
|
| 035 |
|
|
|a (OCoLC)948247917
|
| 040 |
|
|
|a MiAaPQ
|b eng
|e rda
|e pn
|c MiAaPQ
|d MiAaPQ
|
| 043 |
|
|
|a n-us---
|
| 050 |
|
4 |
|a JK275
|b .S457 2016
|
| 082 |
0 |
|
|a 320.60973
|2 23
|
| 100 |
1 |
|
|a Seip, John,
|e author.
|
| 245 |
1 |
4 |
|a The trickle-down delusion :
|b how Republican upward redistribution of economic and political power undermines our economy, democracy, institutions, and health -and a Liberal response /
|c John Seip, Dee Wood Harper.
|
| 264 |
|
1 |
|a Lanham, [Maryland] :
|b University Press of America, Inc.,
|c 2016.
|
| 264 |
|
4 |
|c 2016
|
| 300 |
|
|
|a 1 online resource (465 pages)
|
| 336 |
|
|
|a text
|2 rdacontent
|
| 337 |
|
|
|a computer
|2 rdamedia
|
| 338 |
|
|
|a online resource
|2 rdacarrier
|
| 588 |
|
|
|a Description based on print version record.
|
| 590 |
|
|
|a Electronic reproduction. Ann Arbor, MI : ProQuest, 2016. Available via World Wide Web. Access may be limited to ProQuest affiliated libraries.
|
| 650 |
|
0 |
|a Supply-side economics
|z United States.
|
| 651 |
|
0 |
|a United States
|x Politics and government
|y 21st century.
|
| 651 |
|
0 |
|a United States
|x Economic policy
|y 21st century.
|
| 655 |
|
4 |
|a Electronic books.
|
| 700 |
1 |
|
|a Harper, Dee Wood,
|e author.
|
| 776 |
0 |
8 |
|i Print version:
|a Seip, John.
|t Trickle-down delusion : how Republican upward redistribution of economic and political power undermines our economy, democracy, institutions, and health -and a Liberal response.
|d Lanham, [Maryland] : University Press of America, Inc., c2016
|h xlviii, 411 pages
|z 9780761866978
|w 2016931376
|
| 797 |
2 |
|
|a ProQuest (Firm)
|
| 856 |
4 |
0 |
|u https://ebookcentral.proquest.com/lib/matrademy/detail.action?docID=4519263
|z Click to View
|